000 00694nam a2200265Ia 4500
005 20260121170034.0
008 008 260114s9999 xx 000 0 eng d
020 _a9788847057913
037 _aEBOOK
040 _aCRL
040 _beng
040 _cCRL
041 _2eng
041 _aeng
084 _qCRL
100 _aMarco Squassina, Simone Zuccher
_91059069
245 0 _aIntroduzione all'Analisi Qualitativa dei Sistemi Dinamici Discreti e Continui
260 _bSpringer
260 _bSpringer
260 _c2016
856 _uhttps://link.springer.com/openurl?genre=book&isbn=978-88-470-5791-3
942 _cEBOOK
999 _c1624798
_d1624798